Cargando...

BUDDHISM: Being a sketch of the life and teachings of Gautama, the Buddha

Detalles Bibliográficos
Autor Principal: DAVIDS, T W
Formato: Printed Book
Publicado:
Subjects:
LEADER 00695nam a2200229 4500
020 |c 0.0 
082 |a 294.3 DAV 
100 |a DAVIDS, T W 
245 |a BUDDHISM: Being a sketch of the life and teachings of Gautama, the Buddha  |h ENGLISH 
250
260 |c   
300
500 |a   
501 |a General 
538 |a KEY 15 
590
630 |a BUDDHISM 
650 |a BUDDHISM-- Being a sketch of the life and teachings of Gautama-- the Buddha 
700
942 |c BK 
999 |c 178604  |d 178604 
952 |0 0  |1 0  |4 0  |6 294_300000000000000_DAV  |7 0  |9 191967  |a AGY  |b AGY  |g 0.00  |l 0  |o 294.3 DAV  |p AGY2813  |r 2019-10-25  |w 2019-10-25  |y BK